A Novel approach for abatement of pollution, reuse of treated water and utilization of bioenergy in rubber sheet processing (Record no. 53479)

MARC details
000 -LEADER
fixed length control field 00687nam a2200193Ia 4500
100 ## - MAIN ENTRY--AUTHOR NAME
Personal name Mathew J
245 #2 - TITLE STATEMENT
Title A Novel approach for abatement of pollution, reuse of treated water and utilization of bioenergy in rubber sheet processing
260 ## - PUBLICATION, DISTRIBUTION, ETC. (IMPRINT)
Name of publisher PLACROSYM XVIII. 10-13 December 2008, National Research Centre for Cashew, Puttur, Karnataka. Journal of Plantation Crops, 36 (3): 491-495.
Year of publication 2008
520 ## - SUMMARY, ETC.
Summary, etc DL
650 ## - SUBJECT ADDED ENTRY--TOPICAL TERM
Topical Term Bioenergy
650 ## - SUBJECT ADDED ENTRY--TOPICAL TERM
Topical Term Pollution
650 ## - SUBJECT ADDED ENTRY--TOPICAL TERM
Topical Term Rubber sheet processing treated water
700 ## - ADDED ENTRY--PERSONAL NAME
Personal name Doraisamy P
700 ## - ADDED ENTRY--PERSONAL NAME
Personal name Jacob C K
700 ## - ADDED ENTRY--PERSONAL NAME
Personal name Kamaraj S
700 ## - ADDED ENTRY--PERSONAL NAME
Personal name Kuruvilla E
942 ## - ADDED ENTRY ELEMENTS (KOHA)
Koha item type Journals
Holdings
Withdrawn status Lost status Damaged status Not for loan Home library Current library Shelving location Date acquired Koha item type
      Journals RRII Library RRII Library Waste water treatment 18/12/2008 Journals